[Event "Interclubs Adultes"]
[Site "?"]
[Date "2004.04.04"]
[Round "7.3"]
[White "Tartarin, Didier"]
[Black "Vernay, Denis"]
[Result "1/2-1/2"]
[WhiteElo "1930"]
[BlackElo "1931"]
[PlyCount "76"]
[EventDate "2004.??.??"]

1. e4 c6 2. d4 d5 3. Nd2 dxe4 4. Nxe4 Bf5 5. Ng3 Bg6 6. Nf3 Nf6 7. Bd3 Bxd3 8.
Qxd3 e6 9. O-O Be7 10. Be3 Nbd7 11. Rad1 O-O 12. c4 Qc7 13. a3 a5 14. Rfe1 b5
15. cxb5 cxb5 16. Rc1 Qb7 17. Bf4 Nd5 18. Bd2 b4 19. a4 Rac8 20. Ne4 N5f6 21.
Nxf6+ Bxf6 22. b3 Qd5 23. Bf4 g6 24. Kf1 e5 25. Rxc8 Rxc8 26. Bxe5 Rc3 27. Qa6
Bxe5 28. dxe5 Rxb3 29. e6 fxe6 30. Qxe6+ Qxe6 31. Rxe6 Nc5 32. Re5 Nxa4 33.
Rxa5 Nc3 34. Ke1 Rb2 35. Nd4 Rb1+ 36. Kd2 Rd1+ 37. Ke3 Kf7 38. Ra7+ Kf6 1/2-1/2

[Event "Interclubs Adultes"]
[Site "?"]
[Date "2004.04.04"]
[Round "7.4"]
[White "Nyd, Christopher"]
[Black "Cortes, Jaime"]
[Result "0-1"]
[WhiteElo "1770"]
[BlackElo "1850"]
[PlyCount "50"]
[EventDate "2004.??.??"]

1. d4 d5 2. c4 c6 3. Nc3 e6 4. Nf3 Nf6 5. Bg5 Bb4 6. e3 Qa5 7. Qb3 dxc4 8. Bxc4
Ne4 9. Rc1 Bxc3+ 10. Rxc3 Nxg5 11. Nxg5 Qxg5 12. O-O O-O 13. Rfc1 Nd7 14. Qc2
Qe7 15. e4 g6 16. d5 exd5 17. exd5 Nb6 18. dxc6 Nxc4 19. Rxc4 bxc6 20. Rxc6 Bf5
21. Qc3 Rac8 22. Qe3 Qxe3 23. fxe3 Rxc6 24. Rxc6 Rc8 25. Rxc8+ Bxc8 0-1

[Event "Interclubs Adultes"]
[Site "?"]
[Date "2004.04.04"]
[Round "7.5"]
[White "Moissonnier, Noel"]
[Black "Hurault, Frederic"]
[Result "1-0"]
[WhiteElo "1820"]
[BlackElo "1700"]
[PlyCount "65"]
[EventDate "2004.??.??"]

1. d4 d5 2. c4 dxc4 3. Nc3 c6 4. a4 Nf6 5. Nf3 Bf5 6. e3 Nbd7 7. Bxc4 e6 8. Bd2
Be7 9. O-O O-O 10. Re1 Rc8 11. e4 Bg4 12. h3 Bxf3 13. Qxf3 Qb6 14. Qd3 Rfd8 15.
Qe3 e5 16. dxe5 Nxe5 17. Be2 Bc5 18. Qf4 Ng6 19. Qf5 Bxf2+ 20. Kh1 Bxe1 21.
Bxe1 Qxb2 22. Rd1 Re8 23. Rb1 Qc2 24. Rxb7 Ra8 25. Bg4 Qd3 26. Qf2 Qa6 27. Rb4
Ne5 28. Be2 Qc8 29. Qf4 Ned7 30. Bf2 Nd5 31. exd5 cxd5 32. Qd2 a5 33. Rb5 1-0

[Event "Interclubs Adultes"]
[Site "?"]
[Date "2004.04.04"]
[Round "7.6"]
[White "Domenech, Francois"]
[Black "L'Hermitte, Benjamin"]
[Result "0-1"]
[WhiteElo "1620"]
[BlackElo "1640"]
[PlyCount "66"]
[EventDate "2004.??.??"]

1. e4 c5 2. f4 Nf6 3. Nc3 e6 4. Nf3 d5 5. e5 Nfd7 6. d3 Nc6 7. Be2 Be7 8. O-O
O-O 9. Rf2 f6 10. exf6 Bxf6 11. g3 Nb6 12. Kg2 e5 13. fxe5 Nxe5 14. Bf4 Ng6 15.
Bd2 Ne5 16. Nxe5 Bxe5 17. Rxf8+ Qxf8 18. Bf3 Qd6 19. Qe2 Bd7 20. Re1 Bd4 21.
Bf4 Qc6 22. Qd2 h6 23. b3 g5 24. Be3 Bxe3 25. Rxe3 g4 26. Be4 dxe4 27. Nxe4 Bf5
28. Kg1 Rd8 29. Qe2 Nd5 30. c4 Nxe3 31. Qxe3 Bxe4 32. dxe4 Rd1+ 33. Kg2 Qd6 0-1

[Event "Interclubs Adultes"]
[Site "?"]
[Date "2004.04.04"]
[Round "7.7"]
[White "Cuffaro, Michel"]
[Black "Thevenet, Quentin"]
[Result "1-0"]
[WhiteElo "1499"]
[BlackElo "1480"]
[PlyCount "33"]
[EventDate "2004.??.??"]

1. d4 d5 2. Nf3 Nc6 3. Nc3 Bf5 4. a3 Nf6 5. e3 g6 6. Bd3 Be4 7. Bxe4 Nxe4 8.
Nxe4 dxe4 9. Nd2 f5 10. O-O e5 11. c3 h5 12. Qb3 b6 13. Qe6+ Ne7 14. Nc4 exd4
15. Rd1 Bg7 16. Ne5 Rh6 17. Qf7# 1-0

[Event "Interclubs Adultes"]
[Site "?"]
[Date "2004.04.04"]
[Round "7.8"]
[White "Vernet, Renaud"]
[Black "L'Hermitte, Samuel"]
[Result "1-0"]
[WhiteElo "1499"]
[BlackElo "1400"]
[PlyCount "97"]
[EventDate "2004.??.??"]

1. e4 e5 2. f4 d5 3. fxe5 Qh4+ 4. g3 Qxe4+ 5. Qe2 Qxh1 6. Qf2 Qe4+ 7. Be2 Qxc2
8. Nc3 c6 9. d4 Bb4 10. Bd2 Bf5 11. g4 Be4 12. Nf3 Bxc3 13. bxc3 Ne7 14. Ng5
O-O 15. e6 Bg6 16. Qe3 f6 17. Nh3 Qe4 18. Nf4 Qxe3 19. Bxe3 Be4 20. Kf2 b5 21.
h4 a5 22. Bd2 g5 23. Nh3 h6 24. hxg5 fxg5+ 25. Kg3 a4 26. Nxg5 hxg5 27. Bxg5
Ng6 28. e7 Re8 29. Bf6 Nxe7 30. g5 Nd7 31. Bh5 Nf5+ 32. Kf4 Nxf6 33. gxf6 Nd6
34. Rg1+ Kf8 35. Rg7 Nf5 36. Rh7 Kg8 37. Rc7 Re6 38. Bf7+ Kf8 39. Bxe6 Nh6 40.
Kg5 Re8 41. Bd7 Nf7+ 42. Kf4 Rb8 43. Be6 Nd8 44. Bd7 b4 45. cxb4 Rxb4 46. Rc8
Kf7 47. Ke5 Nb7 48. Be8+ Kf8 49. Bg6+ 1-0